000 00612nam a2200193Ia 4500
003 GCL
008 140319s9999 xx 000 0 ara d
040 _aGCL /
_cGCL
082 0 4 _a323.4
_bح ج
100 1 _aحمود حمبلى
245 1 0 _aحقوق الانسان : بين النظم الوضعية والشريعة الاسلامية /
_cحمود حمبلى
300 _a449 ص
490 _aسلسلة المعرفة
_v0
650 0 4 _aالحقوق السياسية
650 0 4 _aحقوق الانسان
650 0 4 _aالحقوق المدنية
650 0 4 _aحق الاجتماع
942 _2ddc
_cBK
999 _c44517
_d44517